|
|
|
|
| LEADER |
00000cam a22000002c 4500 |
| 001 |
1100349855 |
| 003 |
DE-627 |
| 005 |
20240523211530.0 |
| 007 |
tu |
| 008 |
921020s1785 xx ||||| 00| ||ger c |
| 024 |
7 |
|
|a VD18 14482908-003
|2 vd18
|
| 035 |
|
|
|a (DE-627)1100349855
|
| 035 |
|
|
|a (DE-576)030349850
|
| 035 |
|
|
|a (DE-599)BSZ030349850
|
| 035 |
|
|
|a (OCoLC)12829928
|
| 035 |
|
|
|a (DE-604)014359855
|
| 040 |
|
|
|a DE-627
|b ger
|c DE-627
|e rakwb
|
| 041 |
|
|
|a ger
|
| 084 |
|
|
|a 1
|2 ssgn
|
| 084 |
|
|
|a CF 5000
|2 rvk
|0 (DE-625)rvk/18105:11599
|
| 084 |
|
|
|a DD 7460
|2 rvk
|0 (DE-625)rvk/19410:11618
|
| 084 |
|
|
|a BF 4045
|2 rvk
|0 (DE-625)rvk/10972:11596
|
| 084 |
|
|
|a GE 6701
|2 rvk
|0 (DE-625)rvk/39197:
|
| 084 |
|
|
|a CF 5015
|2 rvk
|0 (DE-625)rvk/18105:11614
|
| 084 |
|
|
|a CF 5004
|2 rvk
|0 (DE-625)rvk/18105:11603
|
| 084 |
|
|
|a CF 2004
|2 rvk
|0 (DE-625)rvk/18059:11603
|
| 084 |
|
|
|a CI 5004
|2 rvk
|0 (DE-625)rvk/18463:11603
|
| 084 |
|
|
|a PI 2660
|2 rvk
|0 (DE-625)rvk/136571:
|
| 100 |
1 |
|
|0 (DE-588)118559796
|0 (DE-627)133368785
|0 (DE-576)208982949
|4 aut
|a Kant, Immanuel
|d 1724-1804
|
| 109 |
|
|
|a Kant, IImmanuil 1724-1804
|a Kant, `Imanu'el 1724-1804
|a Kant, Im. 1724-1804
|a Ḳanṭ, ʿImanuʾel 1724-1804
|a Kant, Imanuil 1724-1804
|a Kantas, I. 1724-1804
|a K`ant`u 1724-1804
|a Kantius, Immanuel 1724-1804
|a Kānt, `Ammānūʹīl 1724-1804
|a Kant, Manuele 1724-1804
|a Kant, Immanuïl 1724-1804
|a Kant, Emanuele 1724-1804
|a Kant, Emanuel 1724-1804
|a Kang de 1724-1804
|a Kant, Immanuell 1724-1804
|a K'ang-tê, I. 1724-1804
|a Kangde, Yimannuer 1724-1804
|a Canto, I. 1724-1804
|a Kanto, I. 1724-1804
|a Kant, Emmanuele 1724-1804
|a Qanṭ, Immānū'ēl 1724-1804
|a Kant, Imanuwil 1724-1804
|a Kānt, ʿImānūīl 1724-1804
|a Kant, Imanuel 1724-1804
|a Kantas, Imanuelis 1724-1804
|a Kānṭ, Imainual 1724-1804
|a Kant, Inmanuel 1724-1804
|a Kānt 1724-1804
|a Kanto 1724-1804
|a Kant 1724-1804
|a Kant, Amanuil 1724-1804
|a Kant, Immanual 1724-1804
|a Kānt, ʿAmānūʾīl 1724-1804
|a Kant, Imanuell 1724-1804
|a Kantius 1724-1804
|a Kant, Immanowel 1724-1804
|a Yimannuer-Kangde 1724-1804
|a Kānṭ, ʿAmmānūʾīl 1724-1804
|a Kant, M. 1724-1804
|a K'ang-tê 1724-1804
|a Kant, Immānū'ēl 1724-1804
|a Kānt, ʿImānūʾīl 1724-1804
|a Kanti, Imanuel 1724-1804
|a Kanto, Imanueru 1724-1804
|a Kangde 1724-1804
|a Kant, Imānūīl 1724-1804
|a Kant, Emmanuel 1724-1804
|a Kant, Immanuelʹ 1724-1804
|a Kant, Manuel 1724-1804
|a Kant, Immanuel 1724-1804
|a Kants, Immanuēls 1724-1804
|a Cant 1724-1804
|a Kant, I. 1724-1804
|a Kants, Imanuels 1724-1804
|a Yi man nu er Kang de 1724-1804
|a Kant, Immanuil 1724-1804
|a Kan teu 1724-1804
|a Kant, E. 1724-1804
|a Pseudo-Kant 1724-1804
|a Kant, Imm. 1724-1804
|a Kantius, Immanowel 1724-1804
|a Kant, Imainual 1724-1804
|a K`ang-te 1724-1804
|a I ma nu el Kan teu 1724-1804
|a Kan teu, I ma nu el 1724-1804
|
| 245 |
1 |
0 |
|a Grundlegung zur Metaphysik der Sitten
|c von Immanuel Kant
|
| 264 |
|
1 |
|a Riga
|b Hartknoch
|c 1785
|
| 300 |
|
|
|a 128 S.
|
| 336 |
|
|
|a Text
|b txt
|2 rdacontent
|
| 337 |
|
|
|a ohne Hilfsmittel zu benutzen
|b n
|2 rdamedia
|
| 338 |
|
|
|a Band
|b nc
|2 rdacarrier
|
| 500 |
|
|
|a Erstausg
|
| 583 |
1 |
|
|a Archivierung/Langzeitarchivierung gewährleistet
|f SLG
|x XA-DE-BW
|z Rara
|2 pdager
|5 DE-31
|
| 583 |
1 |
|
|a Archivierung/Langzeitarchivierung gewährleistet
|f SSG
|x XA-DE-BW
|2 pdager
|5 DE-21
|
| 601 |
|
|
|a Metaphysik
|
| 751 |
|
|
|a Riga
|0 (DE-588)4050042-1
|0 (DE-627)104452072
|0 (DE-576)209085231
|4 pup
|
| 912 |
|
|
|a vd18
|
| 935 |
|
|
|a mteo
|
| 936 |
r |
v |
|a CF 5000
|b Gesamtausgaben, Werke, Gesammelte Werke
|k Philosophie
|k Geschichte der Philosophie
|k Geschichte der Philosophie des Abendlandes von Antike bis 20. Jahrhundert
|k Philosophie des 17. und 18. Jahrhunderts
|k Autoren
|k Autoren K
|k Kant, Immanuel
|k Gesamtausgaben, Werke, Gesammelte Werke
|0 (DE-627)1270645919
|0 (DE-625)rvk/18105:11599
|0 (DE-576)200645919
|
| 936 |
r |
v |
|a DD 7460
|b Primärliteratur
|k Pädagogik
|k Geschichte der Pädagogik und des Bildungswesens
|k Quellenschriften und Biografien, Pädagogische Klassiker
|k Einzelne Autoren
|k Autoren K
|k Kant, Immanuel
|k Primärliteratur
|0 (DE-627)1270768379
|0 (DE-625)rvk/19410:11618
|0 (DE-576)200768379
|
| 936 |
r |
v |
|a BF 4045
|b Werke
|k Theologie und Religionswissenschaften
|k Philosophie
|k Quellen zur Philosophiegeschichte
|k Neuzeit (ca. 1500-1850)
|k Autoren K
|k Kant, Immanuel
|k Werke
|0 (DE-627)1270720422
|0 (DE-625)rvk/10972:11596
|0 (DE-576)200720422
|
| 936 |
r |
v |
|a GE 6701
|b Allgemeine Sammlungen
|k Germanistik. Niederlandistik. Skandinavistik
|k Deutsche Literatur
|k Literaturgeschichte
|k Textsammlungen
|k Allgemeine Sammlungen
|0 (DE-627)127082306X
|0 (DE-625)rvk/39197:
|0 (DE-576)20082306X
|
| 936 |
r |
v |
|a CF 5015
|b Kommentare zu einzelnen Werken
|k Philosophie
|k Geschichte der Philosophie
|k Geschichte der Philosophie des Abendlandes von Antike bis 20. Jahrhundert
|k Philosophie des 17. und 18. Jahrhunderts
|k Autoren
|k Autoren K
|k Kant, Immanuel
|k Kommentare zu einzelnen Werken
|0 (DE-627)1270818236
|0 (DE-625)rvk/18105:11614
|0 (DE-576)200818236
|
| 936 |
r |
v |
|a CF 5004
|b Einzelschriften
|k Philosophie
|k Geschichte der Philosophie
|k Geschichte der Philosophie des Abendlandes von Antike bis 20. Jahrhundert
|k Philosophie des 17. und 18. Jahrhunderts
|k Autoren
|k Autoren K
|k Kant, Immanuel
|k Einzelschriften
|0 (DE-627)1271507951
|0 (DE-625)rvk/18105:11603
|0 (DE-576)201507951
|
| 936 |
r |
v |
|a CF 2004
|b Einzelschriften
|k Philosophie
|k Geschichte der Philosophie
|k Geschichte der Philosophie des Abendlandes von Antike bis 20. Jahrhundert
|k Philosophie des 17. und 18. Jahrhunderts
|k Autoren
|k Autoren B
|k Bentham, Jeremy
|k Einzelschriften
|0 (DE-627)1271888203
|0 (DE-625)rvk/18059:11603
|0 (DE-576)201888203
|
| 936 |
r |
v |
|a CI 5004
|b Einzelschriften
|k Philosophie
|k Geschichte der Philosophie
|k Geschichte der Philosophie des Abendlandes von Antike bis 20. Jahrhundert
|k Philosophie des 20. Jahrhunderts
|k Deutschland und deutschsprachige Länder
|k Autoren
|k Autoren W
|k Wittgenstein, Ludwig
|k Einzelschriften
|0 (DE-627)1271494698
|0 (DE-625)rvk/18463:11603
|0 (DE-576)201494698
|
| 936 |
r |
v |
|a PI 2660
|b Quellenschriften
|k Rechtswissenschaft
|k Allgemeine Rechtslehre und Rechtstheorie, Rechts- und Staatsphilosophie, Rechtssoziologie
|k Geschichte der Staats- und Rechtsphilosophie
|k Staats- und Rechtsphilosophie im 17./18. Jahrhundert
|k Quellenschriften
|0 (DE-627)1271265966
|0 (DE-625)rvk/136571:
|0 (DE-576)201265966
|
| 951 |
|
|
|a BO
|
| ELC |
|
|
|b 1
|
| ITA |
|
|
|a 1
|t 1
|
| LOK |
|
|
|0 000 xxxxxcx a22 zn 4500
|
| LOK |
|
|
|0 001 219418872X
|
| LOK |
|
|
|0 003 DE-627
|
| LOK |
|
|
|0 004 1100349855
|
| LOK |
|
|
|0 005 20020213000000
|
| LOK |
|
|
|0 008 921109||||||||||||||||ger|||||||
|
| LOK |
|
|
|0 040
|a DE-21
|c DE-627
|d DE-21
|
| LOK |
|
|
|0 852
|a DE-21
|
| LOK |
|
|
|0 852 1
|c Af 132
|9 00
|
| LOK |
|
|
|0 935
|a abe2
|
| LOK |
|
|
|0 939
|a 09-11-92
|b l01
|
| ORI |
|
|
|a SA-MARC-ixtheoa001.raw
|